Statistics for Countries bordering Afghanistan

Click here to take the quiz!

General Stats

  • This quiz has been taken 24 times
  • The average score is 5 of 6

Answer Stats

Answer% Correct
Iran
95%
Pakistan
91%
Turkmenistan
91%
Tajikistan
82%
China
73%
Uzbekistan
73%

Score Distribution

Percentile by Number Answered

Percent of People with Each Score

Your Score History

You have not taken this quiz